| 000 | 00798nam a2200229Ii 4500 | ||
|---|---|---|---|
| 003 | JO-AjNU | ||
| 008 | 230605s9999||||xx |||||||||||||| ||und|| | ||
| 017 | _a2002/11932 | ||
| 020 | _a977-01-7929-9 | ||
| 040 |
_aJO-AjNU _bara _erda _cJO-AjNU |
||
| 041 | _aara | ||
| 050 | 1 | 4 | _aPN2960 2002 |
| 100 | 3 |
_aالجابري، حمدي, _eauthor _936744 |
|
| 245 | 0 | 0 | _aمسرح الطفل في الوطن العربي |
| 264 | 3 | 1 | _aالقاهرة: مكتبة الأسرة،2002 ؛ مهرجان القراءة للجميع 2002 |
| 300 | _a169ص | ||
| 336 |
_atext _btxt _2rdacontent |
||
| 337 |
_aunmediated _bn _2rdamedia |
||
| 338 |
_avolume _bnc _2rdacarrier |
||
| 490 | 0 | _aسلسلة الأعمال الدينية | |
| 650 | 4 |
_aالمسرح - مسرح الطفل - الوطن العربي _936745 |
|
| 999 |
_aA15293 _c18861 _d18861 |
||